Представление документа в формате MARC21

Поле Инд. ПП Название Значение
Тип записи a
Библиографический уровень b
001 Контрольный номер UNIDUBNAccdd191e96aa4eb4a5b4bcebdb34cf0e
005 Дата корректировки 20250211135850.4
008 Кодируемые данные 20170331
040 b Код языка каталог. rus
e Правила каталог. PSBO
041 0_ a Код языка текста rus
084 a Индекс другой классификации/Индекс ББК 60.90
100 1_ a Автор Замараева З. П.
q Полное имя Замараева Зинаида Петровна
245 10 a Заглавие Современное состояние социальной защиты горожан
504 a Библиография Лит. в конце статьи.
520 0_ a Аннотация Социальная защита населения, проживающего в городе, имеет свои закономерности и принципы функционирования. Возможность ее развития и оценивания зависит от потребностей горожан, запроса, ожидания, которые согласовываются с требованиями социума и новой общественной реальности, а также государственными (общефедеральными и региональными) условиями развития.
650 14 a Основная рубрика социальная защита
a Основная рубрика социальная работа
a Основная рубрика теория социальной работы
653 0_ a Ключевые слова город
a Ключевые слова городская среда
a Ключевые слова горожане
a Ключевые слова государственная поддержка
a Ключевые слова качество жизни
a Ключевые слова комплексная поддержка
a Ключевые слова молодежь
a Ключевые слова муниципальная власть
a Ключевые слова региональная дифференциация
a Ключевые слова семья
a Ключевые слова социальная активность
a Ключевые слова социальная поддержка
a Ключевые слова социальная реальность
a Ключевые слова социальное сотрудничество
a Ключевые слова социальные пособия
a Ключевые слова социологические опросы
a Ключевые слова социология города
a Ключевые слова теоретико-методологические основы
a Ключевые слова терминология
a Ключевые слова человеческие ресурсы
773 08 t Заглавие источника Отечественный журнал социальной работы
d Дата издания источника 2023
g Прочая информация № 2. - С. 68 - 75 : табл., диагр
w Контрольный № источника UNIDUBNAf3b735b0c95c4e71adfb60afc49411e3
901 t Тип документа b